| Registos Bibliográficos associados ao registo de autoridade |
|
Etiqueta de registo: 00000nkm 2200025 450 001 2281019 003 http://id.bnportugal.gov.pt/bib/catbnp/2281019 100 ## $a20260317d1985 m y0pory01030103ba 101 0# $apor 102 ## $aPT 200 1# $a1 Concurso de Fotografia, 2 set/85$bVisual gráfico]$fUSP 210 #9 $aPorto$cUnião dos Sindicatos do Porto,$d1985 215 ## $a1 cartaz$ccolor.$d41,4x31,5 cm 317 ## $aColeção Madeira Luís 710 02 $aConcurso de Fotografia,$cUSP,$d1,$ePorto,$f1985$31991861 712 00 $aUnião dos Sindicatos do Porto$4557$3290468 801 #0 $aPT$bBN$gRPC 966 ## $lBN$mICONOG$sCT. 16366 V.$x3 971 ## $cCatmusica8$d20260317 995 ## $aPRR2026
|
|
|